| 000 | 01998nam a2200277 a 4500 | ||
|---|---|---|---|
| 001 | 0000031593 | ||
| 003 | CO-CtgCURN | ||
| 005 | 20250329165413.0 | ||
| 008 | 161103s2016 000 0 eng d | ||
| 040 |
_aCO-CtgCURN _bspa _ccoctgcurn |
||
| 082 | 0 |
_aAPH 2016 _bA775 |
|
| 100 | 1 | _aArrieta Ramos, José Luis. | |
| 245 | 1 | 0 |
_aValoración de los conocimientos del personal que presta la atencion prehospitalaria y grado de accidentalidad en el municipio de arjona durante el periodo 2014 a 2015. / _cCristian José Pérez Barreto; José Joaquin Polo Pereira; Asesor Rincon Medina, Mauricio Emilio. |
| 260 |
_aCartagena de Indias, D.T. : _bCorporación Universitaria "Rafael Nuñez", _c2016. |
||
| 300 | _a1 CD-Rom. | ||
| 336 | _2rdacontent | ||
| 337 |
_2rdamedia _asin mediacion _bn |
||
| 338 |
_2rdacarrier _avolumen _bnc |
||
| 502 | _aTrabajo de grado (Tecnologia en Atencion Pre Hospitalaria). Corporación Universitaria "Rafael Nuñez" Facultad de Ciencias de la Salud. Programa de Tecnologia en Atencion Pre Hospitalaria, 2016. | ||
| 520 | _aLa Investigación que se adelanta se enmarca dentro de nuestro compromiso como sociedad civil para contribuir en el mejoramiento de la seguridad ciudadana, llevando como enfoque un estudio sobre la atencion pre hospitalaria de accidentes de transito teniendo en cuenta que es tambien un problema de salud publica, conocer la percepcion de los encargados de prestar el servicio, reconociendo la connotacion social del problema asi como tambien poder dar recomendaciones para mitigar la accidentalidad y secuelas de tipo permanente. | ||
| 650 | 0 |
_aAtención prehospitalaria _xTesis y Disertaciones academicas. |
|
| 700 | 1 | _aPérez Barreto, Cristian José. | |
| 856 |
_uhttps://unicurn.sharepoint.com/:b:/s/biblioteca/EbQQgc07RSpKjNDgMRDkQmoBY5ByW32liLaOEIvmWhA4DQ?e=xweKwi _zClick aqui para ver el recurso en texto completo |
||
| 942 |
_hAPH 2016 _iA775 _2ddc _cTG |
||
| 999 |
_c2846 _d2846 |
||